| 000 | 00388nam a22001577a 4500 | ||
|---|---|---|---|
| 005 | 20161022152613.0 | ||
| 008 | 161022b xxu||||| |||| 00| 0 eng d | ||
| 020 | _a978-81-8361-233-3 | ||
| 041 | _aeng | ||
| 100 |
_aSHUKLA,RAVINDRA _93636 |
||
| 245 | _aSUCHNA PRODHYAKI SAMACHAR PATRA | ||
| 260 | _bRADHA KRISHNAN | ||
| 300 | _a131 | ||
| 650 |
_aMASS COM @JOURNALISM _93631 |
||
| 942 | _cBK | ||
| 999 |
_c5287 _d5285 |
||